00255nam a2200097Ia 4500082002000000245004300020100002700063942000700090008004100097999001900138 a331.133968 VISI 0aVisions of black economic empowerment  a Marcus, Gill 989806 cBK210825s9999 xx 000 0 und d c525986d525985